[Event "IRL-ch 101st"]
[Site "Dublin"]
[Date "2022.07.07"]
[Round "6"]
[White "Keogh, Eamon"]
[Black "Murray, Sam"]
[Result "0-1"]
[WhiteElo "1931"]
[BlackElo "1624"]
[PlyCount "38"]
[EventDate "2022.07.02"]
[EventType "swiss"]
[EventRounds "9"]
[EventCountry "IRL"]
[SourceTitle "CBM 209 Extra"]
[Source "ChessBase"]
[SourceDate "2022.09.30"]
[SourceVersion "1"]
[SourceVersionDate "2022.09.30"]
[SourceQuality "1"]

1. e4 e5 2. Nc3 Nf6 3. f4 d5 4. d4 Bb4 5. a3 Bxc3+ 6. bxc3 Nxe4 7. Qh5 exd4 8. cxd4 0-0 9. c4 Re8 10. Be2 dxc4 11. Nf3 Nf6 12. Qh4 Bg4 13. Ra2 Bxf3 14. gxf3 Qxd4 15. Rd2 Qe3 16. Qg3 c3 17. Rc2 Qd3 18. Ra2 c2 19. Qf2 Qd1# 0-1

[Event "Bunratty Masters 27th"]
[Site "Bunratty"]
[Date "2020.02.23"]
[Round "5"]
[White "Machin, Guillaume"]
[Black "Keogh, Eamon"]
[Result "1/2-1/2"]
[WhiteElo "2159"]
[BlackElo "1958"]
[PlyCount "61"]
[EventDate "2020.02.21"]
[EventType "swiss"]
[EventRounds "6"]
[EventCountry "IRL"]
[SourceTitle "EXT 2023"]
[Source "ChessBase"]
[SourceDate "2022.10.05"]
[SourceVersion "1"]
[SourceVersionDate "2022.10.05"]
[SourceQuality "1"]

1. Nf3 c5 2. b3 Nc6 3. Bb2 d6 4. e3 Nf6 5. d4 cxd4 6. Nxd4 g6 7. Be2 Bg7 8. 0-0 Bd7 9. c4 0-0 10. Nc3 Rc8 11. Bf3 Re8 12. Re1 Qa5 13. a3 Qg5 14. Nd5 Ng4 15. Bc1 Qh4 16. Bxg4 Bxg4 17. Qd2 Bd7 18. Bb2 e5 19. Nb5 Bf8 20. a4 Qd8 21. a5 a6 22. Nbc3 Be6 23. Nb6 Nxa5 24. Rxa5 Qxb6 25. Ne4 Be7 26. Ra3 Red8 27. Bc3 d5 28. Ba5 dxe4 29. Qxd8+ Rxd8 30. Bxb6 Rd3 31. c5 1/2-1/2

[Event "Bunratty Masters 27th"]
[Site "Bunratty"]
[Date "2020.02.22"]
[Round "2"]
[White "Flynn, Jacob"]
[Black "Keogh, Eamon"]
[Result "1-0"]
[WhiteElo "2105"]
[BlackElo "1958"]
[PlyCount "75"]
[EventDate "2020.02.21"]
[EventType "swiss"]
[EventRounds "6"]
[EventCountry "IRL"]
[SourceTitle "EXT 2023"]
[Source "ChessBase"]
[SourceDate "2022.10.05"]
[SourceVersion "1"]
[SourceVersionDate "2022.10.05"]
[SourceQuality "1"]

1. d4 Nf6 2. Nf3 g6 3. c4 Bg7 4. Nc3 0-0 5. Bg5 h6 6. Bh4 d6 7. e3 Nbd7 8. Be2 c6 9. 0-0 Re8 10. Qc2 e5 11. b4 g5 12. Bg3 Nh5 13. Rfd1 Nxg3 14. hxg3 Qe7 15. d5 c5 16. a3 e4 17. Nd2 f5 18. g4 Qe5 19. Nb5 Nf6 20. Nc7 Bd7 21. gxf5 Rac8 22. Nxe8 Qxe8 23. Rdc1 Bxf5 24. bxc5 Rxc5 25. Nb3 Rc8 26. Nd4 Bd7 27. Qb3 b6 28. Qb4 Qf8 29. Nb5 Bxb5 30. Qxb5 g4 31. g3 h5 32. Kg2 Nh7 33. Rab1 Rc7 34. c5 dxc5 35. Qc4 Rf7 36. d6 Kh8 37. Rf1 Ng5 38. Rbd1 1-0

[Event "Bunratty Masters 27th"]
[Site "Bunratty"]
[Date "2020.02.22"]
[Round "3"]
[White "Keogh, Eamon"]
[Black "Fehr, Jukka"]
[Result "0-1"]
[WhiteElo "1958"]
[BlackElo "1976"]
[PlyCount "74"]
[EventDate "2020.02.21"]
[EventType "swiss"]
[EventRounds "6"]
[EventCountry "IRL"]
[SourceTitle "EXT 2023"]
[Source "ChessBase"]
[SourceDate "2022.10.05"]
[SourceVersion "1"]
[SourceVersionDate "2022.10.05"]
[SourceQuality "1"]

1. e4 e6 2. d3 c5 3. f4 d5 4. Nd2 Nc6 5. Be2 Bd7 6. c3 Qc7 7. Ngf3 Qxf4 8. 0-0 0-0-0 9. Nb3 Qc7 10. Be3 dxe4 11. dxe4 Be8 12. Qc2 Nf6 13. Kh1 Ng4 14. Bg1 Nce5 15. Rad1 Rxd1 16. Qxd1 Ba4 17. Qe1 Bd6 18. Nxe5 Nxe5 19. Nd2 Kb8 20. Nc4 Nxc4 21. Bxc4 Bc6 22. Qh4 h6 23. Qg4 g6 24. Qe2 Re8 25. Re1 f6 26. Qg4 f5 27. Qxg6 Qc8 28. Bd3 Bxe4 29. Bxe4 fxe4 30. Qxe4 Qc6 31. Qg6 Bf8 32. h3 e5 33. Qh5 Bg7 34. Bf2 Kc7 35. Bxc5 Rd8 36. Qf7+ Rd7 37. Bf2 b6 0-1

[Event "Wch Seniors 65 28th"]
[Site "Bled"]
[Date "2018.11.29"]
[Round "11"]
[White "Webster, Jim J"]
[Black "Keogh, Eamon"]
[Result "0-1"]
[WhiteElo "1730"]
[BlackElo "1982"]
[PlyCount "90"]
[EventDate "2018.11.18"]
[EventType "swiss"]
[EventRounds "11"]
[EventCountry "SLO"]
[SourceTitle "EXT 2020"]
[Source "ChessBase"]
[SourceDate "2019.10.17"]
[SourceVersion "1"]
[SourceVersionDate "2019.10.17"]
[SourceQuality "1"]

1. d4 f5 2. c4 Nf6 3. g3 d6 4. Bg2 e5 5. dxe5 dxe5 6. Qxd8+ Kxd8 7. Nc3 c6 8. b3 Bb4 9. Bb2 Be6 10. Nf3 Nbd7 11. Rd1 Ke7 12. 0-0 Rhd8 13. e3 Rac8 14. a3 Bd6 15. Nd2 Nc5 16. b4 Nd3 17. Ba1 Bb8 18. b5 e4 19. Ne2 cxb5 20. cxb5 Rc2 21. Nd4 Ra2 22. Nxe6 Kxe6 23. Bxf6 Kxf6 24. Nb1 Rc8 25. Rd2 Ra1 26. Rfd1 Bd6 27. Bf1 Bxa3 28. Bxd3 exd3 29. Rxd3 Be7 30. Kg2 Rc5 31. Rb3 Ke6 32. Rdd3 Ra5 33. Na3 Rd5 34. Rxd5 Kxd5 35. Nc2 Kc4 36. Rb1 Rxb5 37. Rxb5 Kxb5 38. Nd4+ Kc4 39. Nxf5 Bf8 40. e4 a5 41. e5 Kd5 42. f4 a4 43. Ne3+ Ke4 44. Nd1 a3 45. Kf2 Kd3 0-1

[Event "Wch Seniors 65 28th"]
[Site "Bled"]
[Date "2018.11.21"]
[Round "4"]
[White "Keogh, Eamon"]
[Black "Malmdin, Nils Ake"]
[Result "0-1"]
[WhiteElo "1982"]
[BlackElo "2126"]
[PlyCount "80"]
[EventDate "2018.11.18"]
[EventType "swiss"]
[EventRounds "11"]
[EventCountry "SLO"]
[SourceTitle "CBM 187 Extra"]
[Source "ChessBase"]
[SourceDate "2018.11.04"]
[SourceVersion "1"]
[SourceVersionDate "2018.11.04"]
[SourceQuality "1"]

1. e4 d5 2. exd5 Nf6 3. d4 Bg4 4. Nf3 Qxd5 5. Be2 Nc6 6. 0-0 0-0-0 7. c4 Qf5 8. Be3 e5 9. d5 Bxf3 10. Bxf3 e4 11. Be2 Bd6 12. Nd2 Qe5 13. g3 Nd4 14. Nb3 Nxe2+ 15. Qxe2 h5 16. c5 Be7 17. d6 cxd6 18. cxd6 Bxd6 19. Bxa7 h4 20. Rac1+ Kd7 21. Bd4 Qh5 22. Qxh5 Nxh5 23. Nc5+ Bxc5 24. Bxc5 hxg3 25. fxg3 Ke6 26. Be3 Rc8 27. Bd4 Rxc1 28. Rxc1 Rd8 29. Bc3 f5 30. Kf2 g5 31. g4 Nf4 32. gxf5+ Kxf5 33. Rc2 Rd1 34. Bh8 Rd3 35. Bc3 Kg4 36. Bd2 Rf3+ 37. Ke1 e3 38. Ba5 e2 39. Kd2 Rd3+ 40. Ke1 Kf3 0-1

[Event "IRL-ch"]
[Site "Dublin"]
[Date "2018.08.10"]
[Round "7"]
[White "Keogh, Eamon"]
[Black "Melaugh, Gavin"]
[Result "1/2-1/2"]
[WhiteElo "1960"]
[BlackElo "2029"]
[PlyCount "73"]
[EventDate "2018.08.04"]
[EventType "swiss"]
[EventRounds "9"]
[EventCountry "IRL"]
[SourceTitle "CBM 185 Extra"]
[Source "ChessBase"]
[SourceDate "2018.07.29"]
[SourceVersion "1"]
[SourceVersionDate "2018.07.29"]
[SourceQuality "1"]

1. e4 e6 2. d4 d5 3. Nd2 Nf6 4. e5 Nfd7 5. Ne2 c5 6. c3 Nc6 7. f4 f6 8. exf6 Nxf6 9. Nf3 Bd6 10. g3 0-0 11. Bg2 Qb6 12. 0-0 cxd4 13. cxd4 Bd7 14. Kh1 Ne7 15. Bh3 Ne4 16. Nc3 Nf5 17. Nxe4 dxe4 18. Ne5 Bb5 19. Re1 Rad8 20. Rxe4 Bxe5 21. Rxe5 Bc6+ 22. Bg2 Rxd4 23. Qe1 Rfd8 24. Be3 Nxe3 25. Rxe3 Bxg2+ 26. Kxg2 Qxb2+ 27. Kh3 Rd2 28. Rxe6 Rxh2+ 29. Kg4 h5+ 30. Kg5 Rf8 31. Rb1 Qg2 32. Rd6 Kh8 33. Qc3 Qe4 34. Qe5 Qxb1 35. Rh6+ Kg8 36. Qe6+ Rf7 37. Qe8+ 1/2-1/2

[Event "IRL-ch"]
[Site "Dublin"]
[Date "2018.08.07"]
[Round "4"]
[White "Jessel, Stephen"]
[Black "Keogh, Eamon"]
[Result "1/2-1/2"]
[WhiteElo "2346"]
[BlackElo "1960"]
[PlyCount "76"]
[EventDate "2018.08.04"]
[EventType "swiss"]
[EventRounds "9"]
[EventCountry "IRL"]
[SourceTitle "CBM 185 Extra"]
[Source "ChessBase"]
[SourceDate "2018.07.29"]
[SourceVersion "1"]
[SourceVersionDate "2018.07.29"]
[SourceQuality "1"]

1. Nf3 e6 2. c4 f5 3. g3 Nf6 4. Bg2 d6 5. d4 Be7 6. 0-0 0-0 7. b4 Ne4 8. Bb2 Nd7 9. Nc3 Ndf6 10. Nd2 Nxd2 11. Qxd2 d5 12. c5 Qe8 13. f3 Bd7 14. e4 Qh5 15. Rae1 a5 16. bxa5 f4 17. gxf4 dxe4 18. fxe4 Bc6 19. Qe2 Rxa5 20. Qxh5 Nxh5 21. Bc1 Rd8 22. Be3 Ra3 23. Rc1 Nf6 24. h3 Bxc5 25. dxc5 Rd3 26. Nb1 Rxe3 27. Nxa3 Rxa3 28. Rc2 Ra5 29. Re1 Kf7 30. e5 Nd5 31. f5 exf5 32. e6+ Ke7 33. Rd2 Nf6 34. Bxc6 bxc6 35. Ree2 Rxc5 36. a4 Ra5 37. Ra2 Ne4 38. Rec2 c5 1/2-1/2

[Event "Bunratty Masters op 25th"]
[Site "Bunratty"]
[Date "2018.02.24"]
[Round "3"]
[White "Keogh, Eamon"]
[Black "Doggers, Peter"]
[Result "0-1"]
[WhiteElo "1978"]
[BlackElo "2171"]
[PlyCount "58"]
[EventDate "2018.02.23"]
[EventType "swiss"]
[EventRounds "6"]
[EventCountry "IRL"]
[SourceTitle "CBM 183 Extra"]
[Source "ChessBase"]
[SourceDate "2018.04.19"]
[SourceVersion "1"]
[SourceVersionDate "2018.04.19"]
[SourceQuality "1"]

1. f4 d5 2. e3 Nf6 3. Nf3 Bg4 4. Nc3 Nbd7 5. Be2 c6 6. Ne5 Bxe2 7. Qxe2 e6 8. 0-0 Bd6 9. d4 0-0 10. Nxd7 Qxd7 11. Bd2 Rac8 12. g4 c5 13. g5 Ne4 14. Nxe4 dxe4 15. Bc3 Qc7 16. Rf2 cxd4 17. Bxd4 e5 18. fxe5 Bxe5 19. Qg4 Rce8 20. Rd1 Qa5 21. a3 Bxd4 22. exd4 e3 23. Re2 f5 24. Qf3 f4 25. d5 Qb5 26. Rd3 Qxb2 27. d6 Rd8 28. d7 Qb5 29. Rd5 Qc6 0-1

[Event "Bunratty Masters op 24th"]
[Site "Bunratty"]
[Date "2017.02.18"]
[Round "4"]
[White "Gelip, Ioana"]
[Black "Keogh, Eamon"]
[Result "1-0"]
[WhiteElo "2202"]
[BlackElo "1902"]
[PlyCount "95"]
[EventDate "2017.02.17"]
[EventType "swiss"]
[EventRounds "6"]
[EventCountry "IRL"]
[SourceTitle "EXT 2018"]
[Source "ChessBase"]
[SourceDate "2017.10.13"]
[SourceVersion "1"]
[SourceVersionDate "2017.10.13"]
[SourceQuality "1"]

1. e4 d6 2. d4 g6 3. Nc3 Bg7 4. Be3 e5 5. Nf3 Bg4 6. dxe5 Bxe5 7. h3 Bxf3 8. Qxf3 Bxc3+ 9. bxc3 Qf6 10. Qxf6 Nxf6 11. Bd4 Nbd7 12. Rb1 0-0-0 13. f3 c5 14. Be3 d5 15. exd5 Nxd5 16. Bd2 Rhe8+ 17. Kf2 Ne5 18. f4 Nf6 19. Be1 Ne4+ 20. Kg1 Nc6 21. Bd3 f5 22. Kh2 h6 23. Bh4 Rd6 24. Rhe1 b6 25. Re3 Na5 26. Rbe1 Rde6 27. Bb5 Nc6 28. Rd1 Kc7 29. Bc4 Rd6 30. Rxd6 Nxd6 31. Rxe8 Nxe8 32. Bf7 Nd6 33. Bxg6 Kd7 34. g4 Ke6 35. Kg2 Na5 36. Bh7 Kf7 37. gxf5 Nac4 38. Kf3 Nd2+ 39. Ke3 N2e4 40. Bg6+ Kg7 41. Be7 Nc8 42. Kxe4 Nxe7 43. Ke5 Nxg6+ 44. fxg6 Kxg6 45. Ke6 Kg7 46. f5 h5 47. h4 Kf8 48. Kf6 1-0

[Event "IRL-ch"]
[Site "Dublin"]
[Date "2016.07.09"]
[Round "8"]
[White "Keogh, Eamon"]
[Black "MacElligott, Gerard"]
[Result "0-1"]
[WhiteElo "2021"]
[BlackElo "2060"]
[PlyCount "58"]
[EventDate "2016.07.02"]
[EventType "swiss"]
[EventRounds "9"]
[EventCountry "IRL"]
[SourceTitle "CBM 173 Extra"]
[Source "ChessBase"]
[SourceDate "2016.08.29"]
[SourceVersion "1"]
[SourceVersionDate "2016.08.29"]
[SourceQuality "1"]

1. d3 g6 2. g3 Bg7 3. Bg2 e5 4. e4 c6 5. Nc3 Ne7 6. f4 d6 7. Nf3 0-0 8. 0-0 Nd7 9. Be3 f5 10. Qd2 exf4 11. gxf4 Nf6 12. e5 Ng4 13. h3 Nxe3 14. Qxe3 c5 15. Rae1 Nc6 16. Ng5 dxe5 17. Bd5+ Kh8 18. Nf7+ Rxf7 19. Bxf7 Bd7 20. Bd5 Qh4 21. Bg2 e4 22. Ne2 Nd4 23. Qc1 Nf3+ 24. Bxf3 exf3 25. Rxf3 Bc6 26. Re3 Bd4 27. Nxd4 cxd4 28. R3e2 Qg3+ 29. Kf1 Qxh3+ 0-1

[Event "IRL-ch"]
[Site "Dublin"]
[Date "2016.07.08"]
[Round "7.8"]
[White "Melaugh, Shanemelaugh"]
[Black "Keogh, Eamon"]
[Result "0-1"]
[WhiteElo "1677"]
[BlackElo "2021"]
[PlyCount "122"]
[EventDate "2016.07.02"]
[EventType "swiss"]
[EventRounds "9"]
[EventCountry "IRL"]
[SourceTitle "EXT 2023"]
[Source "ChessBase"]
[SourceDate "2022.10.05"]
[SourceVersion "1"]
[SourceVersionDate "2022.10.05"]
[SourceQuality "1"]

1. e4 c5 2. Nf3 e6 3. d4 d5 4. exd5 exd5 5. Nc3 c4 6. b3 Bb4 7. Bd2 Qa5 8. Na4 c3 9. Qe2+ Ne7 10. Bg5 Bd7 11. a3 Bd6 12. Bxe7 Bxe7 13. Nc5 0-0 14. b4 Qc7 15. Qd3 b6 16. Nxd7 Nxd7 17. Be2 a5 18. bxa5 Rxa5 19. 0-0 Bxa3 20. Qf5 g6 21. Qg5 Re8 22. Bd3 Be7 23. Qh6 Rea8 24. Rae1 Nf8 25. Ne5 Ne6 26. f4 Bf8 27. Qh4 Nxd4 28. f5 Be7 29. Qxd4 Bc5 30. Qxc5 Qxc5+ 31. Kh1 g5 32. f6 R5a7 33. Rf5 h6 34. Ng4 Ra1 35. Nxh6+ Kf8 36. Ref1 Rxf1+ 37. Bxf1 Ra1 38. h3 Qc4 39. Kg1 Qd4+ 40. Kh2 Rc1 41. Bd3 Re1 42. Ng4 Ke8 43. Bb5+ Kd8 44. Bc6 Qg1+ 45. Kg3 d4 46. Rxg5 Kc7 47. Bb5 Re3+ 48. Nxe3 Qxe3+ 49. Kh4 Qf2+ 50. g3 Qxc2 51. Rg7 Qb3 52. Be8 Qe6 53. Rxf7+ Qxf7 54. Bxf7 c2 55. Bc4 c1Q 56. f7 Qh6+ 57. Kg4 Kd6 58. Kf5 Qxh3+ 59. g4 Ke7 60. Kf4 d3 61. g5 Qh4+ 0-1

[Event "IRL-ch"]
[Site "Dublin"]
[Date "2016.07.07"]
[Round "6"]
[White "Keogh, Eamon"]
[Black "Mirza, Diana"]
[Result "0-1"]
[WhiteElo "2021"]
[BlackElo "1889"]
[PlyCount "158"]
[EventDate "2016.07.02"]
[EventType "swiss"]
[EventRounds "9"]
[EventCountry "IRL"]
[SourceTitle "CBM 173 Extra"]
[Source "ChessBase"]
[SourceDate "2016.08.29"]
[SourceVersion "1"]
[SourceVersionDate "2016.08.29"]
[SourceQuality "1"]

1. d3 c5 2. f4 Nc6 3. Nf3 g6 4. g3 Bg7 5. Bg2 e6 6. e4 d6 7. 0-0 Nge7 8. Nc3 0-0 9. Ne2 b6 10. c3 Bb7 11. g4 d5 12. e5 Qd7 13. Ng3 Rac8 14. Qe2 Ba6 15. Bd2 b5 16. Rad1 Rb8 17. f5 exf5 18. gxf5 Nxf5 19. Nxf5 Qxf5 20. d4 Qc8 21. Qf2 b4 22. Rfe1 bxc3 23. bxc3 c4 24. Ng5 Ne7 25. Bc1 h6 26. Ba3 Qd7 27. Nh3 Bb7 28. Bd6 Rbd8 29. Rb1 Rfe8 30. Nf4 Nf5 31. Bc5 Bc6 32. Bh3 Bf8 33. Nh5 Bg7 34. Ng3 Qc7 35. Nxf5 gxf5 36. Bxf5 Bd7 37. Bc2 Re6 38. Re3 Rg6+ 39. Bxg6 fxg6 40. Bd6 Qc6 41. Bc5 Bf5 42. Bxa7 Bxb1 43. e6 Bf5 44. e7 Re8 45. Bc5 Be4 46. Qe2 Bf6 47. Rxe4 dxe4 48. Qxc4+ Kg7 49. d5 Qd7 50. d6 Qg4+ 51. Kf1 Qf3+ 52. Kg1 Qg4+ 53. Kf1 Qh3+ 54. Kg1 Be5 55. Qxe4 Bxh2+ 56. Kf2 Bg3+ 57. Ke2 Qh2+ 58. Kd3 Bxd6 59. Bd4+ Kf7 60. Qd5+ Kxe7 61. Qb7+ Ke6 62. Qb3+ Kd7 63. Qb5+ Kd8 64. Bb6+ Bc7 65. Qd5+ Ke7 66. Bc5+ Kf6 67. Bd4+ Be5 68. Qf3+ Kg5 69. Be3+ Bf4 70. Bf2 Rd8+ 71. Kc4 Qh5 72. Qe4 Rc8+ 73. Kb5 Kg4+ 74. Ka4 Rxc3 75. Qg2+ Kf5 76. Qd5+ Be5 77. Qd7+ Ke4 78. Qb7+ Kd3 79. Qb5+ Rc4+ 0-1

[Event "Dublin Masters"]
[Site "Dublin"]
[Date "2014.09.14"]
[Round "5"]
[White "Nohr, Jonas"]
[Black "Keogh, Eamon"]
[Result "1-0"]
[WhiteElo "2057"]
[BlackElo "1983"]
[PlyCount "95"]
[EventDate "2014.09.12"]
[EventType "swiss"]
[EventRounds "5"]
[EventCountry "IRL"]
[SourceTitle "EXT 2023"]
[Source "ChessBase"]
[SourceDate "2022.10.05"]
[SourceVersion "1"]
[SourceVersionDate "2022.10.05"]
[SourceQuality "1"]

1. f4 d6 2. e4 g6 3. Nf3 Bg7 4. d4 Nd7 5. Bd3 c5 6. d5 b5 7. c3 c4 8. Bc2 Qb6 9. Qe2 Ngf6 10. Be3 Nc5 11. Nbd2 0-0 12. 0-0 Ba6 13. a3 Bb7 14. Nd4 Rae8 15. f5 Nfd7 16. N2f3 a6 17. h3 Qd8 18. fxg6 hxg6 19. Qd2 e6 20. dxe6 fxe6 21. Ng5 Qe7 22. Ndf3 Ne5 23. Rad1 Ned3 24. Bxc5 dxc5 25. Bxd3 Rd8 26. Qe2 Rxd3 27. Rxd3 cxd3 28. Qxd3 c4 29. Qe3 Bh6 30. h4 e5 31. Nh2 Rxf1+ 32. Kxf1 Qf6+ 33. Nhf3 Bf8 34. Qa7 Qe7 35. Qb6 Bc8 36. Qxg6+ Bg7 37. h5 Qf6 38. Qe8+ Qf8 39. Qc6 Bh6 40. Qg6+ Qg7 41. Qe8+ Qf8 42. Qxe5 Bg7 43. Qd5+ Kh8 44. Nf7+ Kh7 45. N3g5+ Kg8 46. Kg1 Bf6 47. h6 Bxg5 48. Nxg5+ 1-0

[Event "Dublin Masters"]
[Site "Dublin"]
[Date "2014.09.12"]
[Round "1"]
[White "Keogh, Eamon"]
[Black "Benson, Oisin P"]
[Result "0-1"]
[WhiteElo "1983"]
[BlackElo "2028"]
[PlyCount "44"]
[EventDate "2014.09.12"]
[EventType "swiss"]
[EventRounds "5"]
[EventCountry "IRL"]
[SourceTitle "EXT 2023"]
[Source "ChessBase"]
[SourceDate "2022.10.05"]
[SourceVersion "1"]
[SourceVersionDate "2022.10.05"]
[SourceQuality "1"]

1. d3 d5 2. g3 Nf6 3. Bg2 g6 4. Nf3 Bg7 5. 0-0 0-0 6. Nbd2 c5 7. e4 d4 8. Re1 Nc6 9. Nb3 Nd7 10. e5 Ncxe5 11. Nxe5 Nxe5 12. Nxc5 Qb6 13. Nb3 Bg4 14. f3 Be6 15. Bf4 Nc6 16. Qd2 Rfe8 17. Bh6 Bh8 18. Qg5 Nb4 19. Nc5 Bf6 20. Rxe6 fxe6 21. Qg4 Qxc5 22. Qxe6+ Kh8 0-1

[Event "Bunratty Masters op 20th"]
[Site "Bunratty"]
[Date "2013.03.02"]
[Round "4"]
[White "Thee, Bernd"]
[Black "Keogh, Eamon"]
[Result "1/2-1/2"]
[WhiteElo "2096"]
[BlackElo "1995"]
[PlyCount "77"]
[EventDate "2013.03.01"]
[EventType "swiss"]
[EventRounds "6"]
[EventCountry "IRL"]
[SourceTitle "CBM 153 Extra"]
[Source "ChessBase"]
[SourceDate "2013.04.22"]
[SourceVersion "1"]
[SourceVersionDate "2013.04.22"]
[SourceQuality "1"]

1. e4 c6 2. d4 d5 3. Nc3 dxe4 4. Nxe4 Bf5 5. Bd3 e6 6. Nf3 Nd7 7. Bg5 Qa5+ 8. c3 Bxe4 9. Bxe4 Ngf6 10. Bc2 Bd6 11. 0-0 h6 12. Bh4 Qh5 13. Re1 Ng4 14. Bg3 Bxg3 15. fxg3 0-0 16. Qd3 g6 17. h3 Ngf6 18. Ne5 Rad8 19. Re3 Nxe5 20. Rxe5 Qxe5 21. dxe5 Rxd3 22. Bxd3 Rd8 23. Bxg6 fxg6 24. exf6 Rd2 25. b3 Kf7 26. g4 Kxf6 27. Rf1+ Ke7 28. Rf2 Rxf2 29. Kxf2 Kf6 30. Kf3 Ke5 31. Ke3 b5 32. g3 Kd5 33. Kd3 e5 34. Ke3 g5 35. Kd3 e4+ 36. Ke3 a5 37. a3 c5 38. h4 a4 39. b4 1/2-1/2

[Event "Dublin Easter e2e4 op"]
[Site "Dublin"]
[Date "2012.04.08"]
[Round "6"]
[White "Keogh, Eamon"]
[Black "Capitelli, Paolo"]
[Result "1-0"]
[WhiteElo "2002"]
[BlackElo "2122"]
[PlyCount "61"]
[EventDate "2012.04.05"]
[EventType "swiss"]
[EventRounds "9"]
[EventCountry "IRL"]
[SourceTitle "CBM 147 Extra"]
[Source "ChessBase"]
[SourceDate "2012.04.24"]
[SourceVersion "1"]
[SourceVersionDate "2012.04.24"]
[SourceQuality "1"]

1. f4 d5 2. Nf3 e6 3. g3 Nf6 4. Bg2 c5 5. 0-0 Be7 6. d3 Nc6 7. e3 0-0 8. Qe2 Rb8 9. e4 d4 10. h3 b5 11. a4 b4 12. b3 Bb7 13. Bd2 Nd7 14. Be1 Re8 15. Nbd2 Bf8 16. g4 f6 17. Bg3 Qc7 18. Rae1 Nb6 19. Qf2 Bd6 20. e5 fxe5 21. fxe5 Be7 22. Ne4 Nd5 23. Nf6+ Kh8 24. Nxe8 Rxe8 25. Ng5 Qc8 26. Nf7+ Kg8 27. Bxd5 exd5 28. Nd6 Bxd6 29. exd6 Rxe1 30. Qf7+ Kh8 31. Rxe1 1-0

[Event "Dublin Easter e2e4 op"]
[Site "Dublin"]
[Date "2012.04.06"]
[Round "2"]
[White "Keogh, Eamon"]
[Black "Alfredsen, John Rune"]
[Result "1/2-1/2"]
[WhiteElo "2002"]
[BlackElo "2077"]
[PlyCount "56"]
[EventDate "2012.04.05"]
[EventType "swiss"]
[EventRounds "9"]
[EventCountry "IRL"]
[SourceTitle "CBM 147 Extra"]
[Source "ChessBase"]
[SourceDate "2012.04.24"]
[SourceVersion "1"]
[SourceVersionDate "2012.04.24"]
[SourceQuality "1"]

1. f4 f5 2. Nf3 Nf6 3. e3 g6 4. Nc3 Bg7 5. Bc4 e6 6. 0-0 0-0 7. d3 d5 8. Bb3 c5 9. a4 Nc6 10. Qe1 Bd7 11. Bd2 a6 12. Qh4 Na5 13. Ba2 b5 14. Ne5 b4 15. Nxd7 Nxd7 16. Qxd8 Raxd8 17. Nd1 Rb8 18. e4 c4 19. exd5 exd5 20. dxc4 dxc4 21. Ne3 Bd4 22. Kh1 Bxe3 23. Bxe3 b3 24. cxb3 cxb3 25. Bb1 Rfe8 26. Bd4 Nc6 27. Bc3 Nc5 28. h3 Ne4 1/2-1/2